000 00687nam a2200181 4500
001 131431
003 ES-MaACL
005 20250524063052.0
007 t|
008 070214s1942 sp r ||||1| spa d
100 1 _aRoca Sastre, Ramón María,
_d1899-1979
_998011
245 1 0 _aInstituciones de Derecho Hipotecario
_b: obra ajustada al programa de las oposiciones libres a Notarías, publicado en el `Boletín Oficial del Estado` del 4 de diciembre de 1940 /
_cpor Ramón María Roca Sastre.
250 _a1ª ed., 2ª tirada.
260 _aBarcelona :
_bBosch,
_c1942.
300 _a3 v. ;
_c24 cm.
852 _aES-MaACL
_jF-15489-91
_bR.19735
999 _c131431
_d131431